Grapes Quiz - Statistics

General Stats
  • This quiz has been taken 8 times
  • The average score is 9 of 13
Answer Stats
Hint Answer % Correct
Which type of plant do grapes grow on? Vine
100%
Which alcoholic drink is made from grapes? Wine
100%
What type of fruit is a grape? Berry
86%
Which US State produces the most grapes by far? California
86%
Region in France known for sparkling wine Champagne
86%
Which country produces the most grapes? China
86%
What do most table grapes not have? Seeds
86%
Type of orchard where grapes are grown Vineyard
86%
Which alcoholic drink is made by distilling the above? Brandy
57%
What are Concord grapes used for? Juice
57%
Which county in above is the most well known for grapes? Napa
57%
Which modern-day country were grapes first domesticated in? Armenia
29%
What is the scientific name of the grape? _____ Vinifera Vitis
14%
No matching quizzes found
Score Distribution
Percent of People with Each Score
Percentile by Number Answered
Your Score History
You have not taken this quiz